000 00883nam a2200217 i 4500
001 160204
003 ES-MaACL
005 20230906211950.0
008 040922s1874 phl |||| | spa d
100 1 _aMoreno y Diez, Rafael.
_9130180
245 1 0 _aManual del Cabeza de Barangay en castellano y en tagalog /
_cpor Rafael Moreno y Diez.
250 _a2ª ed.
260 _aManila :
_bLibrería de la Fé,
_c1874 (
_fImp. "Amigos del Pais")
300 _a127 p. ;
_c20 cm.
530 _aDisponible en formato digital.
596 _aEl ed. consta en la cub. original posterior.
597 _aTexto paralelo en español y tagalo.
650 4 _aImpuestos-
_zFilipinas.
_9153426
852 _aES-MaACL
_jT-577-F-3
_z- Enc. hol., conservando cub. original
_z- Enc. en un vol. facticio
856 _uhttp://bdh-rd.bne.es/viewer.vm?id=0000128594&page=1
_zBiblioteca Digital Hispánica
999 _c160204
_d160204